00381nam a2200157Ia 4500008004100000020001800041245003200059245002000091260001500111260003100126260000900157300001400166300002500180300001000205500000800215170705s9999 xx 000 0 und d a9780064431781 aWhere the wild things are / cMaurice Sendak. aNew York : bHarper Collins Publishers, c1963 aunpaged : bcolor illustration ; c23cm. a740